Score 0/50 Timer 10:00
0 Plays Today
% Correct
televizor
83.8%
kuhinja
79.8%
sofa, kauč
78.8%
kod kuće, doma
77.8%
klimatizacija
77.8%
balkon
77.8%
prijatelji, prijateljica
75.8%
na lijevo
75.8%
hladnjak, frižider
74.7%
(po) ljeti
74.7%
pogled na vrt (more)
74.7%
sve što treba...
74.7%
s (sa)
73.7%
Nisam na...
73.7%
na desno
73.7%
prozor
72.7%
terasa
72.7%
zvijezda
71.7%
soba
70.7%
gore
70.7%
stolica
69.7%
doći (dođem, dođu) (Dođi!)
69.7%
stol
68.7%
kuća
67.7%
dnevni boravak, dnevni soba
66.7%
% Correct
tuš
64.6%
spavaća soba
63.6%
kupaonica
63.6%
put
62.6%
tapeta
60.6%
stan
59.6%
Ima mjesta
59.6%
baš
58.6%
nakon
56.6%
namještaj
54.5%
po stepenicama
54.5%
kada
53.5%
ormar
53.5%
ući (uđem, uđu) (Uđi!)
53.5%
hodnik
52.5%
radni stol
50.5%
dolje
49.5%
blagovaonica
48.5%
polica
47.5%
podrum
43.4%
pod
43.4%
štednjak
43.4%
tavan
38.4%
ugrađeni ormar
36.4%
predsovlje (n.)
28.3%
Remove Ads.
Support Sporcle.
Get the best of Sporcle when you Go Orange. This ad-free experience offers more features, more stats, and more fun while also helping to support Sporcle. Thank you for becoming a member.

You're not logged in!

Compare scores with friends on all Sporcle quizzes.
OR
Log In

Show Comments

Extras

Top Quizzes Today


Score Distribution

Your Account Isn't Verified!

In order to create a playlist on Sporcle, you need to verify the email address you used during registration. Go to your Sporcle Settings to finish the process.

Report this User

Report this user for behavior that violates our Community Guidelines.

Details: